00567nam a2200157 4500001000700000003000900007007000300016008004100019100003800060245007600098260003400174300002900208852003200237999001900269952012100288123896ES-MaACLt|070214s1961 sp r ||||1| spa d1 aRamírez García, Julio.99514710aBombas b: instalación y funcionamiento / cJulio Ramírez García. aBarcelona : bSintes, c1961. a83 p. : bil. ; c18 cm. aES-MaACLjG-10122 bR.48141 c123896d123896 00104070aATENEOMbATENEOMcSPP3d2008-01-17eSCl0oG-10122p1129084r2023-02-23 00:00:00w2023-02-23yMONOGRAFIA